Statistics for Age of empires 2 units

Click here to take the quiz!

General Stats

  • This quiz has been taken 416 times
    (410 since last reset)
  • The average score is 23 of 32

Answer Stats

HintAnswer% Correct
Archery rangearcher
97%
stableknight
90%
stablescout
87%
Barracksmilitia
86%
stablepaladin
86%
Barrackschampion
85%
Barrackspikeman
85%
Archery rangecrossbowman
84%
Castletrebuchet
81%
Siege workshoponager
77%
Siege workshopscorpion
77%
Barracksman at arms
76%
Barracksspearman
76%
Archery rangeskirmisher
73%
stablecamel
69%
Siege workshopsiege ram
69%
stablecavalier
68%
stablelight cavalry
68%
Barrackstwo handed swordsman
68%
Barrackslong swordsman
67%
Siege workshopbattering ram
66%
Archery rangecavalry archer
65%
stablehussar
65%
Siege workshopmangonel
65%
Archery rangearbalest
64%
Siege workshopsiege onager
62%
Barrackshalberdier
61%
Castlepetard
59%
Siege workshopcapped ram
53%
Barrackseagle warrior
49%
Siege workshopbombard cannon
45%
Archery rangehand cannoneer
43%

Score Distribution

Percentile by Number Answered

Percent of People with Each Score

Your Score History

You have not taken this quiz since the last reset